The thirteen books of Euclid's Elements/ (Record no. 522)
[ view plain ]
| 000 -LEADER | |
|---|---|
| fixed length control field | 00997cam a22003011 4500 |
| 005 - DATE AND TIME OF LATEST TRANSACTION | |
| control field | 20260322212023.0 |
| 008 - FIXED-LENGTH DATA ELEMENTS--GENERAL INFORMATION | |
| fixed length control field | data |
| 010 ## - LIBRARY OF CONGRESS CONTROL NUMBER | |
| LC control number | 55010320 |
| 040 ## - CATALOGING SOURCE | |
| Original cataloging agency | DLC |
| Transcribing agency | DLC |
| Modifying agency | MoSU-L |
| -- | ICU |
| -- | MoSU-L |
| 041 1# - LANGUAGE CODE | |
| Language code of text/sound track or separate title | eng |
| Language code of original | grc |
| 043 ## - GEOGRAPHIC AREA CODE | |
| Geographic area code | e-gr--- |
| 050 00 - LIBRARY OF CONGRESS CALL NUMBER | |
| Classification number | AC1 |
| Item number | .G72 vol. 11 |
| 082 00 - DEWEY DECIMAL CLASSIFICATION NUMBER | |
| Classification number | 513 |
| 001 - CONTROL NUMBER | |
| control field | data |
| 100 1# - MAIN ENTRY--PERSONAL NAME | |
| Personal name | Euclid. |
| 240 10 - UNIFORM TITLE | |
| Uniform title | Elements. |
| Language of a work | English |
| 245 14 - TITLE STATEMENT | |
| Title | The thirteen books of Euclid's Elements/ |
| Statement of responsibility, etc. | Euclid ... [et al.]. |
| 260 ## - PUBLICATION, DISTRIBUTION, ETC. | |
| Place of publication, distribution, etc. | Chicago, |
| Name of publisher, distributor, etc. | Encyclopaedia Britannica |
| Date of publication, distribution, etc. | [1955, c1952] |
| 300 ## - PHYSICAL DESCRIPTION | |
| Extent | xi, 848 p. |
| Other physical details | diagrs. |
| Dimensions | 25 cm. |
| 490 0# - SERIES STATEMENT | |
| Series statement | Great books of the Western World, |
| Volume/sequential designation | v. 11 |
| 650 #0 - SUBJECT ADDED ENTRY--TOPICAL TERM | |
| Topical term or geographic name entry element | Mathematics, Greek. |
| 700 1# - ADDED ENTRY--PERSONAL NAME | |
| Personal name | Archimedes. |
| Title of a work | Works. |
| Date of a work | 1955. |
| 700 1# - ADDED ENTRY--PERSONAL NAME | |
| Personal name | Apollonius, |
| Titles and other words associated with a name | of Perga. |
| Title of a work | Kōnika. |
| Language of a work | English. |
| Date of a work | 1955. |
| 700 1# - ADDED ENTRY--PERSONAL NAME | |
| Personal name | Nicomachus, |
| Titles and other words associated with a name | of Gerasa. |
| Title of a work | Introductio arithmetica. |
| Language of a work | English. |
| Date of a work | 1955. |
| 700 1# - ADDED ENTRY--PERSONAL NAME | |
| Personal name | Heath, Thomas Little, |
| Dates associated with a name | 1861-1940. |
| Titles and other words associated with a name | Sir, |
| 700 1# - ADDED ENTRY--PERSONAL NAME | |
| Personal name | Taliaferro, R. Catesby |
| Dates associated with a name | 1907- |
| Fuller form of name | (Robert Catesby), |
| 700 1# - ADDED ENTRY--PERSONAL NAME | |
| Personal name | D'Ooge, Martin Luther, |
| Dates associated with a name | 1839-1915. |
| Withdrawn status | Lost status | Damaged status | Not for loan | Home library | Current library | Shelving location | Date acquired | Total checkouts | Full call number | Barcode | Date last seen | Price effective from | Koha item type |
|---|---|---|---|---|---|---|---|---|---|---|---|---|---|
| Centerville | Centerville | General stacks | 22/03/2026 | 513 | BC0010534 | 22/03/2026 | 22/03/2026 | Books |